=LDR 00000nam 2200000 4500 =001 INLIS000000000047555 =005 20200929072742 =035 ##$$a 0010-011600000000013 =008 200929################g##########0#ind## =020 ##$$a 978-602-17669-7-2 =082 ##$$a 306.4 =090 ##$$a 306.04 =245 ##$$a Pekan budaya Indonesia /$c Tim Penulis Kebudayaan, Kemdikbud =260 ##$$a Jakarta :$b Direktorat Jenderal Kebudayaan Kementrian Pendidikan dan Kebudayaan,$c 2015 =300 ##$$a 148 hlm : $b ilus ; $c 26 x 21 cm. =650 #4$$a Pekan Budaya =850 ##$$a NBPDMAT =250 ##$$a cet. 1 =084 ##$$a 306.4 PEK =990 ##$$a 31500665 =990 ##$$a 31500666 =990 ##$$a 31500667 =990 ##$$a 31500668 =990 ##$$a 31500665 =990 ##$$a 31500666 =990 ##$$a 31500667 =990 ##$$a 31500668